000 00392nam a2200145Ia 4500
008 211109s9999||||xx |||||||||||||| ||und||
082 _a894.81207
_bACH-V
100 _aAchuthan, M
245 0 _aViravachanam
260 _bCurrent Books
_aTrichur
_c1965
300 _a186p.
630 _xGeneral Stack
650 _aLiterature
_vmalayalam literatureLiterature Study
_xMalayalam
942 _cBOOK
999 _c25172
_d25172